000 00650nam a22002177a 4500
005 20240229152056.0
008 240229b |||||||| |||| 00| 0 eng d
020 _a0520241568
_cRs.3399.00
040 _aLoreto College
041 _aEnglish
082 _a944.04
_bHUN
100 _aHunt,Lynn
245 _aPolitics,culture and class in the French revolution
_cLynn Hunt
260 _aCalifornia
_bUniversity of California Press
_c2004
300 _axxii,251p
_b22cm
504 _aIncludes index
650 _aFrench revolution,1789-1799-Social aspects
651 _aFrance-Politics and culture
_y18th century
850 _aLCLIB
942 _cBK
999 _c43677
_d94156